[Event "Open Hotel Caravel A"]
[Site "Nago-Torbole ITA"]
[Date "2010.12.26"]
[Round "2"]
[White "Paniga, Danilo"]
[Black "Silini, Riccardo"]
[Result "0-1"]
[WhiteElo "1871"]
[BlackElo "1628"]
[PlyCount "156"]
[EventDate "2010.12.26"]

1. d4 Nf6 2. Nf3 d5 3. e3 Bg4 4. Nbd2 e6 5. c3 c5 6. Bd3 Nc6 7. O-O Be7 8. dxc5
Bxc5 9. e4 O-O 10. h3 dxe4 11. Nxe4 Bxf3 12. Qxf3 Nxe4 13. Qxe4 g6 14. Bh6 Re8
15. Rad1 Qc7 16. Qh4 Be7 17. Qf4 Qxf4 18. Bxf4 e5 19. Bc1 f5 20. b3 a6 21. Bb2
Bc5 22. Bc4+ Kf8 23. Rd7 Re7 24. Rfd1 b5 25. Be2 Ke8 26. R7d5 Bb6 27. Rd6 Rc8
28. Ba3 Rec7 29. c4 b4 30. Bc1 Bc5 31. R6d5 Bd4 32. Be3 Bxe3 33. fxe3 e4 34. g4
Rd8 35. gxf5 Rxd5 36. Rxd5 Ne7 37. Ra5 Nxf5 38. Kf2 Rf7 39. Rxa6 Nd4+ 40. Ke1
Nxe2 41. Kxe2 Rf3 42. Re6+ Kd7 43. Rxe4 Rxh3 44. Rf4 Rh2+ 45. Rf2 Rh1 46. Kf3
Ke6 47. Ke4 Rh4+ 48. Kf3 Ke5 49. Kg3 Rh1 50. Kg2 Re1 51. Kf3 Rg1 52. Rd2 Rf1+
53. Kg2 Ra1 54. Kf3 Rf1+ 55. Ke2 Ra1 56. Kf3 h5 57. Ke2 h4 58. Kf3 Rg1 59. Rd5+
Ke6 60. Rd2 g5 61. Kf2 Rg3 62. Rd5 g4 63. Rd4 Rf3+ 64. Ke2 Rg3 65. c5 h3 66.
Rd6+ Ke5 67. Rh6 Rg2+ 68. Kf1 Rxa2 69. c6 h2 70. c7 Rc2 71. Rxh2 Rxc7 72. Rh5+
Ke4 73. Rb5 Kf3 74. Kg1 Kxe3 75. Rxb4 Kf3 76. Rb8 Rc1+ 77. Kh2 g3+ 78. Kh3 Rh1#
0-1

[Event "Open Hotel Caravel A"]
[Site "Nago-Torbole ITA"]
[Date "2010.12.26"]
[Round "2"]
[White "Pescatore, Lorenzo"]
[Black "Panjkovic, Aleksandar"]
[Result "0-1"]
[WhiteElo "1999"]
[BlackElo "2165"]
[PlyCount "88"]
[EventDate "2010.12.26"]

1. e4 d6 2. d4 Nf6 3. Nc3 g6 4. Bd3 Nc6 5. Nf3 Bg4 6. Be3 e5 7. dxe5 Nxe5 8.
Be2 Nxf3+ 9. Bxf3 Bxf3 10. Qxf3 Bg7 11. e5 dxe5 12. Bg5 Qd6 13. Bxf6 Qxf6 14.
Qxb7 O-O 15. O-O Rfb8 16. Qe4 c6 17. f4 Rxb2 18. fxe5 Qxe5 19. Qxc6 Rd8 20.
Rae1 Rb6 21. Qf3 Qc5+ 22. Kh1 Rf6 23. Qxf6 Bxf6 24. Ne4 Qxc2 25. Nxf6+ Kg7 26.
Ne8+ Kf8 27. Nf6 Qxa2 28. Nxh7+ Kg7 29. Ng5 Rd7 30. Ne4 a5 31. Nf6 Rd2 32. Ne8+
Kf8 33. Nf6 Rf2 34. Nd7+ Kg7 35. Rg1 Qd2 36. Rd1 Qe2 37. Rde1 Qb5 38. Re7 Re2
39. Rxe2 Qxe2 40. Nc5 Qc4 41. Nd7 Qd5 42. Nb6 Qb5 43. Nc8 Qc5 44. Ra1 Qxc8 0-1

[Event "Open Hotel Caravel A"]
[Site "Nago-Torbole ITA"]
[Date "2010.12.26"]
[Round "2"]
[White "Trauth, Michael"]
[Black "Benaglia, Giovanni"]
[Result "1-0"]
[WhiteElo "2197"]
[BlackElo "1996"]
[PlyCount "77"]
[EventDate "2010.12.26"]

1. Nf3 e6 2. c4 b6 3. g3 Bb7 4. Bg2 f5 5. O-O Nf6 6. d3 Be7 7. Nc3 O-O 8. e4
fxe4 9. Ng5 Qe8 10. Ngxe4 Nxe4 11. Nxe4 Bxe4 12. Bxe4 c6 13. Bg2 Na6 14. Bf4
Qd8 15. Qe2 Bg5 16. Be5 Bf6 17. d4 Rc8 18. Rad1 Bxe5 19. dxe5 Rc7 20. Rd6 c5
21. Rfd1 Qe7 22. Be4 Nb8 23. Qd3 g6 24. f4 Qg7 25. h4 Rf7 26. Kg2 Rc8 27. Qf3
Qf8 28. Rh1 Qg7 29. a4 Kh8 30. a5 bxa5 31. Ra1 Nc6 32. Bxc6 Rxc6 33. Rxc6 dxc6
34. Qxc6 Qf8 35. Rxa5 Rxf4 36. gxf4 Qxf4 37. Qf3 Qd2+ 38. Kg3 Qxa5 39. Qf8# 1-0

[Event "Open Hotel Caravel A"]
[Site "Nago-Torbole ITA"]
[Date "2010.12.26"]
[Round "2"]
[White "Troidl, Thomas"]
[Black "Dappiano, Andrea"]
[Result "0-1"]
[WhiteElo "1915"]
[BlackElo "2062"]
[PlyCount "68"]
[EventDate "2010.12.26"]

1. e4 d6 2. d4 Nf6 3. Nc3 e5 4. dxe5 dxe5 5. Qxd8+ Kxd8 6. Bg5 Be6 7. O-O-O+
Nbd7 8. Nd5 Kc8 9. Bxf6 Nxf6 10. Nxf6 gxf6 11. Kb1 Bc5 12. f3 c6 13. Bd3 Kc7
14. Ne2 h5 15. Rhf1 Rag8 16. g3 Bh3 17. f4 Bxf1 18. Rxf1 Bd6 19. fxe5 Bxe5 20.
c3 h4 21. Bc4 hxg3 22. hxg3 Rh2 23. Bxf7 Rd8 24. Nf4 Rdd2 25. Ne6+ Kb6 26. Nd4
c5 27. Nf3 Rxb2+ 28. Kc1 Rhc2+ 29. Kd1 Bxc3 30. Ne1 Re2 31. Bb3 Rxe1+ 32. Rxe1
Rb1+ 33. Kc2 Rxe1 34. Kxc3 Rxe4 0-1

[Event "Open Hotel Caravel A"]
[Site "Nago-Torbole ITA"]
[Date "2010.12.26"]
[Round "2"]
[White "Varzi, Florian"]
[Black "Simmon, Norbert"]
[Result "0-1"]
[WhiteElo "1618"]
[BlackElo "1865"]
[PlyCount "66"]
[EventDate "2010.12.26"]

1. d4 Nf6 2. c4 g6 3. Nc3 Bg7 4. e4 d6 5. f3 e5 6. dxe5 dxe5 7. Qxd8+ Kxd8 8.
Bg5 c6 9. f4 Nbd7 10. O-O-O Ke7 11. Nf3 h6 12. Bh4 Kf8 13. Nxe5 Nxe5 14. fxe5
Nd7 15. e6 fxe6 16. Be2 Be5 17. Rhf1+ Kg7 18. Bg4 Nf6 19. Bxf6+ Bxf6 20. Rd3
Rf8 21. Rfd1 h5 22. Bh3 g5 23. g3 g4 24. Bg2 Bg5+ 25. Kb1 Rf2 26. Rg1 e5 27.
Na4 Be7 28. b3 Be6 29. Nb2 Bc5 30. Nd1 Rxa2 31. Kxa2 Bxg1 32. Ne3 Rf8 33. Rd6
Bxe3 0-1

[Event "Open Hotel Caravel A"]
[Site "Nago-Torbole ITA"]
[Date "2010.12.26"]
[Round "2"]
[White "Viola, Enrico"]
[Black "De Vita, Gianni"]
[Result "1/2-1/2"]
[WhiteElo "1713"]
[BlackElo "2106"]
[PlyCount "100"]
[EventDate "2010.12.26"]

1. d4 d5 2. c4 c6 3. cxd5 cxd5 4. Nf3 Nf6 5. g3 Nc6 6. Bg2 e6 7. O-O Be7 8. Nc3
O-O 9. Bg5 h6 10. Bf4 a6 11. Rc1 Na5 12. Ne5 Bd7 13. e4 Bc6 14. a3 Be8 15. exd5
Nxd5 16. Nxd5 exd5 17. Nxf7 Bxf7 18. Bc7 Qd7 19. Bxa5 Rac8 20. Qd3 Rc6 21. Rxc6
Qxc6 22. Qc3 Rc8 23. Qe3 Bg5 24. f4 Bf6 25. Bc3 Qc4 26. Qd2 Re8 27. Bf3 Bg6 28.
Rd1 Kh8 29. Kf2 Be4 30. Re1 Qc8 31. Bg2 Qf5 32. Kg1 b5 33. h3 h5 34. Bb4 Rc8
35. Bc5 Kh7 36. Kh2 Rc6 37. b4 Bd8 38. Bxe4 dxe4 39. d5 Rg6 40. Qd4 h4 41. Qxe4
hxg3+ 42. Kg2 Qd7 43. Re3 Kh6 44. f5 Rg5 45. Qe6+ Qxe6 46. Rxe6+ Kh7 47. Rxa6
Rxf5 48. d6 Bh4 49. Ra7 Rd5 50. d7 Rd2+ 1/2-1/2

[Event "Open Hotel Caravel A"]
[Site "Nago-Torbole ITA"]
[Date "2010.12.26"]
[Round "2"]
[White "Zanin, Luca"]
[Black "Bisaro, Andrea"]
[Result "0-1"]
[WhiteElo "1497"]
[BlackElo "1742"]
[PlyCount "62"]
[EventDate "2010.12.26"]

1. d4 Nf6 2. e3 d5 3. Bd3 Nc6 4. c3 e5 5. dxe5 Nxe5 6. Be2 Bd6 7. Nf3 c6 8. O-O
O-O 9. Nxe5 Bxe5 10. Nd2 Qc7 11. f4 Bd6 12. Nf3 Ne4 13. Nd2 Nf6 14. Nf3 Re8 15.
Nd4 Bd7 16. Bf3 Rad8 17. b4 Ne4 18. Bxe4 Rxe4 19. Qf3 c5 20. bxc5 Qxc5 21. Bd2
b5 22. h3 Qc7 23. g4 Bc5 24. Kg2 Bxd4 25. cxd4 a5 26. Rac1 Qb6 27. Rc5 b4 28.
Rxd5 Qe6 29. Re5 Rxe5 30. fxe5 Bc6 31. e4 Rxd4 0-1

[Event "Open Hotel Caravel A"]
[Site "Nago-Torbole ITA"]
[Date "2010.12.27"]
[Round "3"]
[White "Benaglia, Giovanni"]
[Black "Viola, Enrico"]
[Result "1-0"]
[WhiteElo "1996"]
[BlackElo "1713"]
[PlyCount "109"]
[EventDate "2010.12.26"]

1. d4 Nf6 2. Bg5 d5 3. e3 Bf5 4. Bxf6 gxf6 5. c4 e5 6. cxd5 Qxd5 7. Nc3 Bb4 8.
Nf3 Nc6 9. a3 Bxc3+ 10. bxc3 O-O-O 11. Qa4 exd4 12. cxd4 Qa5+ 13. Qxa5 Nxa5 14.
Nd2 Rhe8 15. Be2 Nc6 16. Nf3 Be4 17. O-O h6 18. Rfc1 f5 19. g3 Rd6 20. Rc5 Rd5
21. Rac1 Re7 22. Rxd5 Bxd5 23. Rc5 Be4 24. Nh4 b6 25. Ba6+ Kb8 26. Rc1 Na5 27.
f3 Nb3 28. Rc3 Bd5 29. Nxf5 Rd7 30. e4 Be6 31. d5 Bxf5 32. Rxb3 Bg6 33. Rc3 f5
34. Rc6 Rd6 35. e5 Rxc6 36. dxc6 Be8 37. Bb7 a5 38. Kf2 b5 39. Ke3 b4 40. axb4
a4 41. Kd2 Bf7 42. Kc1 a3 43. f4 Be6 44. Ba6 Ka7 45. Bd3 h5 46. Be2 Bf7 47. h3
Kb6 48. b5 Kc5 49. g4 fxg4 50. hxg4 h4 51. f5 h3 52. e6 Be8 53. f6 Kd6 54. f7
Bxf7 55. exf7 1-0

[Event "Open Hotel Caravel A"]
[Site "Nago-Torbole ITA"]
[Date "2010.12.27"]
[Round "3"]
[White "Bisaro, Andrea"]
[Black "Pescatore, Lorenzo"]
[Result "0-1"]
[WhiteElo "1742"]
[BlackElo "1999"]
[PlyCount "64"]
[EventDate "2010.12.26"]

1. d4 Nf6 2. c4 e6 3. Nc3 Bb4 4. Qc2 b6 5. a3 Bxc3+ 6. Qxc3 Ne4 7. Qc2 Bb7 8.
Nf3 O-O 9. Bf4 d6 10. e3 Nd7 11. Bd3 f5 12. Rg1 Qe7 13. Bxe4 Bxe4 14. Qc3 h6
15. Nd2 Bb7 16. Bg3 e5 17. f3 f4 18. Bf2 exd4 19. Qxd4 fxe3 20. Bxe3 Rae8 21.
Kf2 Ne5 22. h3 c5 23. Qc3 Qh4+ 24. Ke2 Ba6 25. Kd1 Nxc4 26. Nxc4 Qxc4 27. Qxc4+
Bxc4 28. Re1 Rf5 29. Kc2 Rfe5 30. Bf2 Re2+ 31. Kc3 d5 32. Bg3 R8e3# 0-1

[Event "Open Hotel Caravel A"]
[Site "Nago-Torbole ITA"]
[Date "2010.12.27"]
[Round "3"]
[White "Dalponte, Dino"]
[Black "Facchetti, Lorenzo"]
[Result "1/2-1/2"]
[WhiteElo "2141"]
[BlackElo "1843"]
[PlyCount "50"]
[EventDate "2010.12.26"]

1. d4 d5 2. c3 Nf6 3. Nf3 c5 4. e3 Nc6 5. Bd3 e6 6. O-O Bd6 7. Nbd2 Qe7 8. Re1
O-O 9. e4 dxe4 10. Nxe4 Nxe4 11. Bxe4 h6 12. d5 Ne5 13. Nxe5 Bxe5 14. dxe6 Bxe6
15. f4 Rad8 16. Qf3 Bf6 17. Be3 b6 18. Bc2 Bc8 19. Bf2 Qb7 20. Qxb7 Bxb7 21.
Rad1 Rxd1 22. Rxd1 Rd8 23. Rxd8+ Bxd8 24. g3 Bd5 25. a3 a5 1/2-1/2

[Event "Open Hotel Caravel A"]
[Site "Nago-Torbole ITA"]
[Date "2010.12.27"]
[Round "3"]
[White "Dappiano, Andrea"]
[Black "Trauth, Michael"]
[Result "1/2-1/2"]
[WhiteElo "2062"]
[BlackElo "2197"]
[PlyCount "141"]
[EventDate "2010.12.26"]

1. c4 Nf6 2. Nc3 c5 3. g3 g6 4. Bg2 Bg7 5. e4 Nc6 6. Nge2 a6 7. d3 d6 8. O-O
O-O 9. Rb1 Bd7 10. a3 Rb8 11. b4 cxb4 12. axb4 b5 13. cxb5 axb5 14. d4 e5 15.
dxe5 dxe5 16. Be3 Be6 17. Nd5 Nd7 18. Nec3 Nd4 19. f4 Re8 20. fxe5 Nc6 21. Nf6+
Nxf6 22. Qxd8 Rexd8 23. exf6 Rd3 24. Nd5 Bf8 25. Rfc1 Bxd5 26. exd5 Nxb4 27.
Bc5 Nxd5 28. Bxf8 Rxf8 29. Rc6 Nc3 30. Rb2 h5 31. Bf1 Re3 32. Rb6 Re6 33. Rxe6
fxe6 34. Rb3 Nd5 35. Rxb5 Rxf6 36. Bg2 Ne3 37. Bh3 Kg7 38. Re5 Nf5 39. Bxf5
gxf5 40. Kg2 Rg6 41. Kf3 Kf6 42. Ra5 Rg4 43. Ra8 h4 44. Rf8+ Ke5 45. Rh8 hxg3
46. hxg3 Ra4 47. Re8 Ra3+ 48. Kg2 Kd5 49. Rb8 Rc3 50. Rd8+ Ke4 51. Rd1 e5 52.
Rf1 Re3 53. Rf2 Rd3 54. Re2+ Kd5 55. Ra2 Ke6 56. Ra6+ Rd6 57. Ra8 Kf6 58. Rf8+
Kg5 59. Rg8+ Rg6 60. Re8 Kf6 61. Kf3 Rg7 62. Ra8 Kg5 63. Re8 e4+ 64. Ke3 Rg6
65. Rf8 Kg4 66. Rf7 Rg5 67. Kf2 e3+ 68. Kg2 Rg6 69. Re7 f4 70. Re4 Rf6 71. gxf4
1/2-1/2

[Event "Open Hotel Caravel A"]
[Site "Nago-Torbole ITA"]
[Date "2010.12.27"]
[Round "3"]
[White "De Santis, Alessio"]
[Black "Horn, Peter"]
[Result "0-1"]
[WhiteElo "2293"]
[BlackElo "2132"]
[PlyCount "106"]
[EventDate "2010.12.26"]

1. b3 d5 2. Bb2 Nf6 3. Nf3 g6 4. c4 c6 5. d3 Bg7 6. Nbd2 O-O 7. e3 a5 8. a3 b5
9. Be2 Nbd7 10. O-O Bb7 11. Qc2 Re8 12. d4 bxc4 13. bxc4 Ba6 14. Rfd1 e6 15.
Bc3 Qc7 16. Rac1 Rec8 17. Qb2 Rab8 18. Qa1 Qa7 19. Bf1 a4 20. h3 Ne8 21. e4 Nd6
22. e5 Nxc4 23. Nxc4 Bxc4 24. Bxc4 dxc4 25. Bb4 Qa6 26. Qa2 Nb6 27. Bc5 Bf8 28.
Nd2 Bxc5 29. dxc5 Nd7 30. Nxc4 Nxc5 31. Nd6 Nb3 32. Nxc8 Nxc1 33. Ne7+ Kf8 34.
Qd2 Ne2+ 35. Kh2 Qc4 36. Qd6 Re8 37. Nxc6+ Kg7 38. Nd4 Rc8 39. Rd2 Nc3 40. Rc2
Kg8 41. Qb4 Qd3 42. Rc1 Rc4 43. Qb8+ Kg7 44. Nf3 Ne4 45. Rb1 Nxf2 46. Rb7 Qf5
47. Rc7 Qf4+ 48. Kg1 Nxh3+ 49. gxh3 Qg3+ 50. Kf1 Qxf3+ 51. Kg1 Qg3+ 52. Kf1
Rf4+ 53. Ke2 Rf2+ 0-1

[Event "Open Hotel Caravel A"]
[Site "Nago-Torbole ITA"]
[Date "2010.12.27"]
[Round "3"]
[White "De Vita, Gianni"]
[Black "Fragni, Enrico"]
[Result "1/2-1/2"]
[WhiteElo "2106"]
[BlackElo "1762"]
[PlyCount "82"]
[EventDate "2010.12.26"]

1. c4 c5 2. Nf3 Nc6 3. g3 h6 4. Bg2 e6 5. Nc3 Nf6 6. d4 cxd4 7. Nxd4 a6 8. O-O
Be7 9. b3 O-O 10. Bb2 Qc7 11. Rc1 Ne5 12. Qd2 Rb8 13. h3 b6 14. Kh2 Bb7 15. e4
Bb4 16. f4 Ng6 17. Qe2 d6 18. Nc2 Bxc3 19. Bxc3 Rfe8 20. Bb4 a5 21. Ba3 Nd7 22.
Nd4 Nc5 23. Rf2 Rbd8 24. h4 Ne7 25. Re1 Qd7 26. Rd1 Qc8 27. Nb5 Qb8 28. Qc2 Bc6
29. Nd4 Bb7 30. f5 exf5 31. exf5 Bxg2 32. Rxg2 Qc8 33. Re1 Nc6 34. Rxe8+ Rxe8
35. Nxc6 Qxc6 36. Bb2 Nd7 37. Re2 Ne5 38. Bxe5 Rxe5 39. Qd3 f6 40. Rd2 Kf7 41.
Re2 Qc5 1/2-1/2

[Event "Open Hotel Caravel A"]
[Site "Nago-Torbole ITA"]
[Date "2010.12.27"]
[Round "3"]
[White "De Vita, Igor"]
[Black "Careri, Massimiliano"]
[Result "1-0"]
[WhiteElo "2078"]
[BlackElo "1631"]
[PlyCount "101"]
[EventDate "2010.12.26"]

1. c4 e5 2. Nc3 f5 3. g3 Nf6 4. Bg2 Bc5 5. d3 O-O 6. Nf3 Nc6 7. O-O d6 8. Bg5
Be6 9. Ne1 Ne7 10. Rb1 f4 11. Bxf6 Rxf6 12. Ne4 fxg3 13. Nxf6+ gxf6 14. hxg3
Nf5 15. b4 Bb6 16. e3 Qe8 17. Nc2 Kh8 18. Bxb7 Rb8 19. Be4 Nh6 20. Qf3 Ng4 21.
Kg2 Qf7 22. Bf5 Bxf5 23. Qxf5 Rg8 24. Rh1 Rg5 25. Qf3 Qg6 26. Rh4 Kg7 27. Rbh1
h5 28. Ne1 Rf5 29. Rxg4 hxg4 30. Qe4 Rh5 31. Qxg6+ Kxg6 32. Rxh5 Kxh5 33. Kf1
Kg5 34. Ke2 Kg6 35. Nc2 Kf5 36. e4+ Ke6 37. Ne3 Bxe3 38. fxe3 Kd7 39. Kd2 c5
40. a3 Kc6 41. Kc3 Kb6 42. Kb3 a6 43. Ka4 Ka7 44. Ka5 Kb7 45. b5 axb5 46. Kxb5
Kc7 47. a4 Kb7 48. a5 Kc7 49. a6 Kb8 50. Kb6 Ka8 51. a7 1-0

[Event "Open Hotel Caravel A"]
[Site "Nago-Torbole ITA"]
[Date "2010.12.27"]
[Round "3"]
[White "Jimchi, Abdelaziz"]
[Black "Bevilacqua, Maurizio"]
[Result "0-1"]
[WhiteElo "1886"]
[BlackElo "2156"]
[PlyCount "50"]
[EventDate "2010.12.26"]

1. d4 Nf6 2. Nf3 e6 3. Bf4 b6 4. e3 Bb7 5. Bd3 Be7 6. O-O d5 7. Nbd2 O-O 8. Ne5
c5 9. dxc5 bxc5 10. b3 Nc6 11. Nxc6 Bxc6 12. Nf3 Qb6 13. h3 Rfd8 14. Be5 Ne4
15. Nh2 f6 16. Bb2 Rac8 17. Qg4 Bb7 18. Bxe4 dxe4 19. Rfd1 c4 20. Rxd8+ Rxd8
21. Rd1 Rd5 22. Bd4 Qa6 23. Qe2 e5 24. Bc3 cxb3 25. Qe1 bxc2 0-1

[Event "Open Hotel Caravel A"]
[Site "Nago-Torbole ITA"]
[Date "2010.12.27"]
[Round "3"]
[White "Panjkovic, Aleksandar"]
[Black "De Nisi, Roberta"]
[Result "1-0"]
[WhiteElo "2165"]
[BlackElo "1925"]
[PlyCount "95"]
[EventDate "2010.12.26"]

1. c4 f5 2. g3 Nf6 3. Bg2 g6 4. Nc3 Bg7 5. Nf3 d6 6. d3 c6 7. O-O O-O 8. Bd2
Na6 9. Rb1 Nc7 10. b4 Rb8 11. b5 Bd7 12. a4 Ne6 13. d4 Ne4 14. Be1 g5 15. e3
Qe8 16. Nxe4 fxe4 17. Nd2 d5 18. cxd5 cxd5 19. Qb3 Nc7 20. Nxe4 Qg6 21. Rc1
Rfc8 22. Bb4 Bf5 23. Nd2 Qf7 24. Rc3 e6 25. Rfc1 Qd7 26. Nf3 h6 27. Qa3 Ne8 28.
Ne5 Bxe5 29. dxe5 Rxc3 30. Qxc3 Rd8 31. Qc5 Ng7 32. Qxa7 Rc8 33. Rxc8+ Qxc8 34.
Qc5 Qxc5 35. Bxc5 Bc2 36. a5 Ba4 37. Bf1 Ne8 38. a6 bxa6 39. b6 Bc6 40. Bxa6
Kf7 41. b7 Bxb7 42. Bxb7 Nc7 43. Bc6 Ne8 44. Bxe8+ Kxe8 45. Kg2 Kf7 46. Kf3 Kg6
47. e4 dxe4+ 48. Kxe4 1-0

[Event "Open Hotel Caravel A"]
[Site "Nago-Torbole ITA"]
[Date "2010.12.27"]
[Round "3"]
[White "Petragnani, Gian Giacomo"]
[Black "Paniga, Danilo"]
[Result "1-0"]
[WhiteElo "1714"]
[BlackElo "1871"]
[PlyCount "57"]
[EventDate "2010.12.26"]

1. Nf3 f5 2. g3 Nf6 3. Bg2 g6 4. O-O Bg7 5. d3 O-O 6. Re1 d6 7. c3 e5 8. Ng5 c6
9. e4 h6 10. Nf3 Nh5 11. Nh4 Kh7 12. exf5 Bxf5 13. Nxf5 Rxf5 14. g4 Rf6 15.
gxh5 g5 16. Nd2 Nd7 17. Ne4 Rf7 18. Nxd6 Rf6 19. Be4+ Kh8 20. Nf5 Nc5 21. Nxg7
Kxg7 22. b4 Ne6 23. Bb2 Qb6 24. Qe2 Raf8 25. Rf1 Nf4 26. Qe3 Nh3+ 27. Qxh3 Rxf2
28. d4 Rxb2 29. Qd7+ 1-0

[Event "Open Hotel Caravel A"]
[Site "Nago-Torbole ITA"]
[Date "2010.12.27"]
[Round "3"]
[White "Pivovarov, Michail"]
[Black "Varzi, Florian"]
[Result "1-0"]
[WhiteElo "1869"]
[BlackElo "1618"]
[PlyCount "103"]
[EventDate "2010.12.26"]

1. Nf3 f5 2. c4 Nf6 3. Nc3 g6 4. b3 Bg7 5. Bb2 Ne4 6. Qc2 Nf6 7. g3 O-O 8. Bg2
c6 9. O-O d6 10. d4 Qe8 11. d5 e5 12. dxe6 Bxe6 13. Ng5 Bd7 14. Rad1 Qe7 15. h4
Na6 16. Rfe1 Nc5 17. b4 Na6 18. a3 Nc7 19. Qd2 Nce8 20. b5 c5 21. Bxb7 Rd8 22.
Bg2 h6 23. Nd5 Nxd5 24. Bxd5+ Kh8 25. Bxg7+ Kxg7 26. Nh3 Nf6 27. Nf4 Nxd5 28.
Nxd5 Qe4 29. Qc3+ Qe5 30. Qd3 Rf7 31. a4 Rdf8 32. e3 g5 33. hxg5 hxg5 34. Qc3
Be6 35. Qxe5+ dxe5 36. a5 Rd7 37. Rd2 Rfd8 38. Red1 Kf7 39. Kf1 Rd6 40. Ke1
R8d7 41. f3 f4 42. gxf4 gxf4 43. e4 Kg7 44. Rg2+ Kf7 45. Kd2 Bxd5 46. exd5 Rg6
47. Rdg1 Rxg2+ 48. Rxg2 Kf6 49. Kd3 Kf5 50. Rg8 Re7 51. Rf8+ Kg6 52. Ke4 1-0

[Event "Open Hotel Caravel A"]
[Site "Nago-Torbole ITA"]
[Date "2010.12.27"]
[Round "3"]
[White "Poletti, Fausto"]
[Black "Giancotti, Eraldo"]
[Result "0-1"]
[WhiteElo "1919"]
[BlackElo "2065"]
[PlyCount "82"]
[EventDate "2010.12.26"]

1. c4 Nc6 2. e4 e5 3. g3 d6 4. Bg2 g6 5. Ne2 Bg7 6. Nbc3 h5 7. h3 h4 8. g4 Nge7
9. d3 Bd7 10. Nd5 Nxd5 11. cxd5 Ne7 12. Nc3 c6 13. dxc6 Bxc6 14. O-O Qd7 15.
Be3 f5 16. f3 d5 17. exd5 Nxd5 18. Nxd5 Qxd5 19. Qe2 f4 20. Bf2 O-O-O 21. Rfd1
Kb8 22. Rac1 g5 23. b3 Rh6 24. Qb2 Qd7 25. Qa3 b6 26. b4 Qb7 27. Qb3 Bd5 28.
Qc2 Rhd6 29. d4 Rc6 30. Qd2 Rxc1 31. Rxc1 Bxf3 32. Bxf3 Qxf3 33. Qc2 Qb7 34.
dxe5 Rc8 35. Qxc8+ Qxc8 36. Rxc8+ Kxc8 37. Bd4 Kd8 38. b5 Ke7 39. a4 Ke6 40. a5
Bxe5 41. Bf2 Bc7 0-1

[Event "Open Hotel Caravel A"]
[Site "Nago-Torbole ITA"]
[Date "2010.12.27"]
[Round "3"]
[White "Silini, Riccardo"]
[Black "D'Amato, Piergiorgio"]
[Result "0-1"]
[WhiteElo "1628"]
[BlackElo "1866"]
[PlyCount "76"]
[EventDate "2010.12.26"]

1. e4 e6 2. d4 d5 3. e5 c5 4. c3 Nc6 5. Nf3 Qb6 6. Be2 Nh6 7. O-O cxd4 8. cxd4
Nf5 9. Nc3 Nfxd4 10. Nxd4 Qxd4 11. Qxd4 Nxd4 12. Bb5+ Bd7 13. Bd3 Bb4 14. Ne2
Nxe2+ 15. Bxe2 Bc5 16. Be3 Bxe3 17. fxe3 Rc8 18. Rac1 Ke7 19. Bd3 h6 20. e4 Bc6
21. exd5 Bxd5 22. b3 Rhd8 23. Be2 Rxc1 24. Rxc1 Bc6 25. Bf3 Bd5 26. Rc2 a6 27.
Kf2 f6 28. Bxd5 Rxd5 29. Rc7+ Rd7 30. Rxd7+ Kxd7 31. exf6 gxf6 32. g4 Kd6 33.
Kf3 Ke5 34. h4 Kd4 35. Kf4 Kc3 36. h5 Kb2 37. g5 fxg5+ 38. Ke5 Kxa2 0-1

[Event "Open Hotel Caravel A"]
[Site "Nago-Torbole ITA"]
[Date "2010.12.27"]
[Round "3"]
[White "Simmon, Norbert"]
[Black "Mora, Massimo"]
[Result "0-1"]
[WhiteElo "1865"]
[BlackElo "2014"]
[PlyCount "56"]
[EventDate "2010.12.26"]

1. g3 e5 2. c4 f5 3. Bg2 Nf6 4. d3 Be7 5. Nc3 c6 6. Nf3 d6 7. O-O O-O 8. e3 Na6
9. a3 Nc7 10. Qc2 Kh8 11. b4 Qe8 12. Rb1 Bd7 13. Bd2 a6 14. Na4 Be6 15. Nb6 Rb8
16. Rfc1 Nd7 17. Nxd7 Qxd7 18. a4 Rbc8 19. Qd1 Bf6 20. Ne1 Qf7 21. b5 axb5 22.
axb5 cxb5 23. cxb5 d5 24. Bf1 Qd7 25. b6 Na8 26. Rxc8 Rxc8 27. Nc2 Bd8 28. Ba5
Qa4 0-1

[Event "Open Hotel Caravel A"]
[Site "Nago-Torbole ITA"]
[Date "2010.12.27"]
[Round "3"]
[White "Tortorella, Giancarlo"]
[Black "Favre, Bruno"]
[Result "0-1"]
[WhiteElo "1796"]
[BlackElo "1964"]
[PlyCount "56"]
[EventDate "2010.12.26"]

1. e4 c6 2. c4 d5 3. exd5 cxd5 4. cxd5 Nf6 5. Nc3 Nxd5 6. Nf3 e6 7. Bc4 Be7 8.
O-O O-O 9. d4 Nc6 10. Re1 Bf6 11. Ne4 h6 12. a3 Nb6 13. Nxf6+ Qxf6 14. Bd3 Rd8
15. Re4 Nd5 16. b4 Nc3 17. Qe1 Nxe4 18. Qxe4 Nxd4 19. Ne5 Rd5 20. Be3 Qxe5 21.
Qh7+ Kf8 22. Re1 Qf6 23. Rc1 g5 24. Be4 Ne2+ 25. Kf1 Nxc1 26. Bxd5 exd5 27.
Bc5+ Ke8 28. Qg8+ Kd7 0-1

[Event "Open Hotel Caravel A"]
[Site "Nago-Torbole ITA"]
[Date "2010.12.27"]
[Round "3"]
[White "Trento, Giacomo"]
[Black "Gehrke, Rolf"]
[Result "0-1"]
[WhiteElo "1876"]
[BlackElo "2084"]
[PlyCount "82"]
[EventDate "2010.12.26"]

1. e4 g6 2. d4 Bg7 3. c4 c5 4. Nf3 Nc6 5. d5 Nd4 6. Nxd4 cxd4 7. Qa4 Nf6 8. Bd3
O-O 9. O-O d6 10. Bd2 Nd7 11. Ba5 b6 12. Bb4 Ne5 13. Rd1 a5 14. Be1 f5 15. f3
Nxd3 16. Rxd3 e5 17. dxe6 fxe4 18. fxe4 Bxe6 19. Nd2 Rc8 20. b3 Bg4 21. Qb5 Rc5
22. Qa6 Qc7 23. b4 axb4 24. Qa4 Be2 25. Rh3 d3 26. Rc1 Bc3 27. a3 Ra5 28. Qb3
Qc5+ 29. Bf2 Qxf2+ 30. Kh1 Bxd2 31. c5+ Qf7 32. Qxf7+ Rxf7 33. Rb1 bxc5 34.
axb4 cxb4 35. g4 Bf3+ 36. Kg1 Be3+ 37. Kf1 Bxg4+ 38. Kg2 Ra2+ 39. Kg3 Bxh3 40.
e5 Bf5 41. Kh4 Rxh2+ 0-1

[Event "Open Hotel Caravel A"]
[Site "Nago-Torbole ITA"]
[Date "2010.12.27"]
[Round "3"]
[White "Zanussi, Leandro"]
[Black "Briffault, Philippe"]
[Result "1-0"]
[WhiteElo "1677"]
[BlackElo "1961"]
[PlyCount "77"]
[EventDate "2010.12.26"]

1. e4 Nf6 2. e5 Nd5 3. d4 d6 4. Nf3 Bg4 5. Bc4 e6 6. Bxd5 exd5 7. Bf4 Be7 8.
exd6 Bxd6 9. Bxd6 Qxd6 10. Qe2+ Qe7 11. Qxe7+ Kxe7 12. Nbd2 f6 13. O-O-O Nd7
14. h3 Bh5 15. g4 Bg6 16. Rde1+ Kf7 17. Nh4 Rae8 18. f4 Be4 19. Nxe4 Rxe4 20.
Rxe4 dxe4 21. Re1 Re8 22. Nf5 Nb6 23. Ne3 c6 24. c4 Rd8 25. Rd1 g6 26. b3 Ke6
27. Kc2 f5 28. Kc3 Rd7 29. gxf5+ gxf5 30. Rg1 Rf7 31. Rg5 Nc8 32. d5+ cxd5 33.
cxd5+ Kd7 34. Rxf5 Rg7 35. Ng4 Ne7 36. Re5 Kd6 37. Kd4 Rf7 38. Re6+ Kc7 39. d6+
1-0

[Event "Open Hotel Caravel A"]
[Site "Nago-Torbole ITA"]
[Date "2010.12.27"]
[Round "4"]
[White "Bevilacqua, Maurizio"]
[Black "Benaglia, Giovanni"]
[Result "1/2-1/2"]
[WhiteElo "2156"]
[BlackElo "1996"]
[PlyCount "114"]
[EventDate "2010.12.26"]

1. d4 e6 2. g3 f5 3. Bg2 Nf6 4. c4 c6 5. Nc3 d5 6. cxd5 exd5 7. Bf4 Be7 8. Nf3
O-O 9. Ne5 Ne4 10. f3 Nd6 11. Qb3 Kh8 12. h4 Qb6 13. Qxb6 axb6 14. O-O Nd7 15.
b3 b5 16. Rfc1 Nf6 17. e3 Be6 18. Ne2 Ra6 19. Nd3 Ra3 20. Nc5 Bc8 21. Rc2 Nf7
22. Bc7 Bd8 23. Bxd8 Nxd8 24. Nf4 Re8 25. Re1 Ra7 26. Ree2 Ne6 27. Nfxe6 Bxe6
28. Bh3 Bc8 29. Nd3 Kg8 30. Ne5 g6 31. Bg2 Nd7 32. Nd3 Nf6 33. Ne5 Nd7 34. f4
Nf6 35. Bf3 Ne4 36. Bxe4 fxe4 37. g4 Rxe5 38. fxe5 Bxg4 39. Rg2 Bf3 40. Rg5 Kf7
41. Kh2 Ke6 42. Rf2 Ra8 43. Kg3 Ra3 44. Kf4 Ra8 45. Rg1 Rf8+ 46. Kg3 Ra8 47.
Rc1 Kf5 48. Rfc2 Ra3 49. Rb2 b4 50. Rh2 Ra8 51. Rf2 Ke6 52. Rcc2 Kf5 53. Rc1
Ke6 54. Rg1 Rg8 55. Kh3 Rf8 56. Rg5 Ra8 57. Kg3 Rg8 1/2-1/2

[Event "Open Hotel Caravel A"]
[Site "Nago-Torbole ITA"]
[Date "2010.12.27"]
[Round "4"]
[White "Briffault, Philippe"]
[Black "Silini, Riccardo"]
[Result "0-1"]
[WhiteElo "1961"]
[BlackElo "1628"]
[PlyCount "44"]
[EventDate "2010.12.26"]

1. d4 d5 2. c4 c6 3. Nf3 Nf6 4. Nc3 Bg4 5. e3 e6 6. Bd3 Be7 7. O-O O-O 8. h3
Bxf3 9. Qxf3 Nbd7 10. Rd1 Qc7 11. e4 dxe4 12. Nxe4 Rad8 13. Bg5 Rfe8 14. Rac1
Qb6 15. b3 Nxe4 16. Qxe4 Bxg5 17. Qxh7+ Kf8 18. Qh8+ Ke7 19. Qxg7 Rg8 20. Qh7
Nf6 21. c5 Qc7 22. d5 Rxd5 0-1